00893nam a22002177a 4500003000200000005001700002008004100019050003000060100002600090245006800116260009100184300003500275504004100310650002500351650004400376650003500420650002500455942001400480999001900494952016200513020250129100050.0150826b xxu||||| |||| 00| 0 eng d aPGS GV 709.2b.Ag275 2015 aAgoncillo, Lorenzo V. aSports involvement and time management /cLorenzo V. Agoncillo. aLas Piñas City, Philippines :bSouthville International School and Colleges, c2015. a27 p. :bill. ;c28 cm. fPASS aIncludes bibliographical references. aSports for children. aTime managementvPsychological aspects. aSportsvPsychological aspects. aGrade 6 (Education). 2lcccPASS c288510d288510 00102lcc4071aLUXbLUXcPASSd2015-08-26eDONATIONl0oPGS GV 709.2 .Ag275 2015pP3388r2015-08-26 00:00:00w2015-08-26yPASSzBe Amazing, Be Southville!